| 000 | 01048nam a2200253Ia 4500 | ||
|---|---|---|---|
| 005 | 20220317001226.0 | ||
| 008 | 160825s2003 ck g 000 0 spa | ||
| 020 | _a9589298958 | ||
| 082 | 0 | 4 |
_a025.1 _bA71a1 |
| 110 | 2 |
_aArchivo General de la Nación. Bogotá _967837 |
|
| 245 | 1 | 0 |
_aApuntes para la organización del archivo general del municipio, 1 _blas políticas nacionales de archivo y los archivos municipales _cArchivo General de la Nación de Colombia |
| 250 | _a1a. edición | ||
| 300 |
_a13 páginas _c23 cm |
||
| 610 |
_aArchivo General de la Nación (Colombia) _967862 |
||
| 650 | 1 | 4 |
_2LEMB _aArchivos municipales _vGuías _zColombia |
| 650 | 1 | 4 |
_2LEMB _aArchivos _vGuías _xMantenimiento y conservación _zColombia |
| 650 | 1 | 4 |
_2LEMB _aArchivos _vGuías _xInvestigación _zColombia |
| 942 |
_2ddc _cREF |
||
| 264 |
_aBogotá _bArchivo General de la Nación _c2003 |
||
| 336 |
_atexto _btxt _2rdacontent |
||
| 337 |
_asin mediación _bn _2rdamedia |
||
| 338 |
_avolumen _bnc _2rdacarrier |
||
| 040 |
_aCO-BoRNBP _bspa _erda _cCO-BoRNBP |
||
| 999 |
_c6304 _d6304 |
||